Los frutos amargos del jardín de las delicias : vida y obra de Bohumil Hrabal /
Gorde:
| Egile nagusia: | |
|---|---|
| Beste egile batzuk: | |
| Formatua: | Liburua |
| Hizkuntza: | gaztelania |
| Argitaratua: |
Barcelona, España :
Galaxia Gutenberg : Círculo de Lectores,
2014, c2014
|
| Saila: | (Galaxia Gutenberg/Círculo de Lectores) [s.n.]
|
| Gaiak: | |
| Etiketak: |
Etiketarik gabe, Izan zaitez lehena erregistro honi etiketa jartzen!
|
MARC
| LEADER | 00000nam^a2200000^a^4500 | ||
|---|---|---|---|
| 001 | 000401318 | ||
| 005 | 20250521000000.0 | ||
| 009 | 20260310121641.426 | ||
| 020 | |a 978-84-15863-95-3 | ||
| 020 | |a 978-84-672-5821-9 | ||
| 037 | |a Acervo ITESO - Biblioteca | ||
| 041 | |a ESP | ||
| 082 | |a 891. 86 |b ZGU | ||
| 100 | |a Zgustova, Monika |e (autor) | ||
| 245 | 1 | 4 | |a Los frutos amargos del jardín de las delicias : |b vida y obra de Bohumil Hrabal / |c M. Zgustova ; pról. de J. Menzel. |
| 264 | 4 | |a Barcelona, España : |b Galaxia Gutenberg : |b Círculo de Lectores, |c 2014, c2014 | |
| 300 | |a 404 p. | ||
| 336 | |a texto |b txt |2 rdacontenido | ||
| 337 | |a sin mediación |b n |2 rdamedio | ||
| 338 | |a volumen |b nc |2 rdasoporte | ||
| 440 | 1 | |a (Galaxia Gutenberg/Círculo de Lectores) [s.n.] | |
| 500 | |a Traducción de: Obsluhoval jsemanglického krále | ||
| 545 | 0 | |a Bohumil Hrabal (1914-1997), escritor checo. Alondras en el alambre y Trenes rigurosamente vigilados fueron dos sus obras adaptadas al cine por el director Jurí Menzel, obteniendo el Oscar a la mejor película extranjera por la segunda. Le tocó vivir dos fases importantes de la historia política de su país que coinciden con las fechas de su producción narrativa: la ocupación alemana nazi y el comunismo. Desde este contexto centra su atención en la vida cotidiana y detalles intrascendentes de sus personajes quienes realizan oficios diversos ordinarios y viven la soledad que a veces enfrentan con cierta esperanzas e imaginación. Entre sus obras se encuentran Bodas en casa; Yo serví al rey de Inglaterra; Una soledad demasiada ruidosa, y otros. | |
| 649 | |a XX | ||
| 650 | |a Escritores Checos - |x Biografías | ||
| 650 | |a Literatura Checa - |x Historia y Crítica | ||
| 650 | |a Literatura Checa - |y Siglo XX | ||
| 650 | |a Literatura de Mujeres - |z República Checa | ||
| 650 | |a Hrabal, Bohumil - |x Tema Principal | ||
| 700 | |a Menzel, Jirí |e (prólogo) | ||
| 910 | |a Fondo General | ||
| 920 | |a Impresos - Libros | ||
| 930 | |a Colección General | ||
| 940 | |a Literatura | ||
| 905 | |a 101 | ||
| 901 | |a 0500296418 |b IT1 |c LIT |i c153862 |u 20250521 | ||
| 902 | |a https://opac.biblio.iteso.mx/vufind/Record/000401318 | ||